000 00317nam a2200133Ia 4500
008 221030s9999 xx 000 0 und d
100 _aR. P. Jain
245 0 _aModern Digital Electronics
_cby R. P. Jain
250 _a2nd
260 _bTMT
_aNew Delhi
_c1998
300 _a500
650 _aBB CSE
942 _cBK
_2ddc
999 _c18333
_d18333